Hazardous industrial waste treatment / (Record no. 121307)

MARC details
000 -LEADER
fixed length control field 00892aam a2200253 a 4500
001 - CONTROL NUMBER
control field 016689279
003 - CONTROL NUMBER IDENTIFIER
control field UkOxU
005 - DATE AND TIME OF LATEST TRANSACTION
control field 20230110160726.0
008 - FIXED-LENGTH DATA ELEMENTS--GENERAL INFORMATION
fixed length control field 230110s2007 flua b 001 0 eng
020 ## - INTERNATIONAL STANDARD BOOK NUMBER
International Standard Book Number 9780849375743 (hbk.)
020 ## - INTERNATIONAL STANDARD BOOK NUMBER
International Standard Book Number 0849375746 (hbk.)
082 00 - DEWEY DECIMAL CLASSIFICATION NUMBER
Classification number 628.42
Edition number 22
245 00 - TITLE STATEMENT
Title Hazardous industrial waste treatment /
Statement of responsibility, etc. edited by Lawrence K. Wang ... [et al.].
260 ## - PUBLICATION, DISTRIBUTION, ETC.
Place of publication, distribution, etc. Boca Raton, Fla. ;
-- London :
Name of publisher, distributor, etc. CRC,
Date of publication, distribution, etc. c2007.
300 ## - PHYSICAL DESCRIPTION
Extent ix, 516 p. :
Other physical details ill. ;
Dimensions 26 cm.
500 ## - GENERAL NOTE
General note This material was previously published in Handbook of industrial and hazardous wastes treatment, 2nd ed.: Boca Raton : CRC, 2004.
504 ## - BIBLIOGRAPHY, ETC. NOTE
Bibliography, etc. note Includes bibliographical references and index.
650 #0 - SUBJECT ADDED ENTRY--TOPICAL TERM
Topical term or geographic name entry element Hazardous wastes
General subdivision Management.
690 ## - LOCAL SUBJECT ADDED ENTRY--TOPICAL TERM (OCLC, RLIN)
9 (RLIN) 6238
Topical term or geographic name as entry element Environment
690 ## - LOCAL SUBJECT ADDED ENTRY--TOPICAL TERM (OCLC, RLIN)
9 (RLIN) 6257
Topical term or geographic name as entry element Minerals and waste
700 1# - ADDED ENTRY--PERSONAL NAME
Personal name Wang, Lawrence K.
942 ## - ADDED ENTRY ELEMENTS (KOHA)
Source of classification or shelving scheme Dewey Decimal Classification
Holdings
Withdrawn status Lost status Source of classification or shelving scheme Damaged status Not for loan Home library Current library Shelving location Date acquired Total Checkouts Full call number Date last seen Price effective from Koha item type
    Dewey Decimal Classification     London London Books 10/01/2023   628.42 10/01/2023 10/01/2023 Book